Trendy v maloobchodnom podnikaní diplomová práca

Enregistré dans:
Détails bibliographiques
Auteur principal: Petrová, Mária
Collectivité auteur: Podnikovohospodárska fakulta EU so sídlom v Košiciach. Katedra obchodného podnikania
Autres auteurs: Petrovčiková, Katarína, 1977-
Format: Livre
Langue:slovaque
Publié: Košice 2023
Tags: Ajouter un tag
Pas de tags, Soyez le premier à ajouter un tag!

MARC

LEADER 00000nbm a2200000 4500
001 0292859
005 20240624141155.1
041 0 |a slo 
044 |a SK 
245 1 0 |a Trendy v maloobchodnom podnikaní  |b diplomová práca  |c Mária Petrová ; školiteľ: Katarína Petrovčiková 
264 1 |a Košice  |c 2023 
300 |a 123 s. 
100 1 |a Petrová, Mária 
700 1 |a Petrovčiková, Katarína, 1977- 
710 2 |a Podnikovohospodárska fakulta EU so sídlom v Košiciach. Katedra obchodného podnikania